00762 2200265 4500001002100000005001700021008004100038035002400079082001100103090002100114100004600135245010500181250001100286260003200297300001800329500003000347650001700377700001700394700001900411850001500430980001500445985000600460999001500466999001500481YOGYA-0209000002310320090227023735.0 ind  0010-020900000023103 a346.07 a346.07bInd HlR aINDONESIA.[Undang-undang, Peraturan dsb.] aHimpunan peraturan perundang-undangan hukum dagang dalam perkembangannyacR. Ali Rido, Achmad Gozali aCet. 1 aBandungbRemaja Karyac1984 a...jilc21 cm aYang diterima : Jil. 1, 2 aHukum dagang aRido, R. Ali aGozali, Achmad aYOPDYOG(B) a02-05-2007 a2 a06A0021005 a06A0021006